banner koha

Distribuição do diâmetro de copa e diâmetro quadrático de Araucaria angustifolia e Pinus taeda (Registro n. 298850)

MARC details
000 -LÍDER
fixed length control field 03617nab a2200325 i 4500
003 - CÓDIGO MARC DA AGÊNCIA CATALOGADORA
Campo de controle BR-BrBNA
005 - DATA E HORA DA ÚLTIMA ATUALIZAÇÃO
Campo de controle 20240319141352.0
008 - CAMPO DE TAMANHO FIXO
fixed length control field 240319b2019 bl.qr|pooa||| 00| 0 por |
040 ## - FONTE DA CATALOGAÇÃO
Agência catalogadora BR-BrBNA
Idioma da catalogação por
072 ## - CATEGORIA AGRIS
Código AGRIS K10
Código do objeto 3103
072 ## - CATEGORIA AGRIS
Código AGRIS U40
Código do objeto 3140
100 ## - ENTRADA PRINCIPAL - NOME PESSOAL
Nome pessoal Debastiani, Aline Bernarda
100 ## - ENTRADA PRINCIPAL - NOME PESSOAL
Nome pessoal Martins, Luciellen Pereira
100 ## - ENTRADA PRINCIPAL - NOME PESSOAL
Nome pessoal Santos, Kênia Samara Mourão
100 ## - ENTRADA PRINCIPAL - NOME PESSOAL
Nome pessoal Corte, Ana Paula Dalla
100 ## - ENTRADA PRINCIPAL - NOME PESSOAL
Nome pessoal Pellico Netto, Sylvio
100 ## - ENTRADA PRINCIPAL - NOME PESSOAL
Nome pessoal Sanquetta, Carlos Roberto
245 ## - TÍTULO PRINCIPAL
Título principal Distribuição do diâmetro de copa e diâmetro quadrático de Araucaria angustifolia e Pinus taeda
500 ## - NOTA GERAL
Nota geral Publicação on-line; 24 ref.; 4 tables; 2 illus.; Summaries (En, Pt)
942 ## - ADDED ENTRY ELEMENTS (KOHA)
Koha item type
520 ## - NOTA DE RESUMO
Nota de conteúdo <br/><br/>Resumo<br/><br/>As funções de densidade de probabilidade têm várias aplicações florestais, entre as quais o tratamento de dados biométricos e uso em modelagem. O objetivo deste estudo foi verificar qual função densidade de probabilidade melhor se ajusta ao diâmetro de copa (dcopa) e ao diâmetro quadrático (dq), e também analisar o efeito dessas variáveis na estrutura da floresta. O estudo foi realizado com uma base de dados de Araucaria angustifolia provenientes de um fragmento florestal, e também com dados de Pinus taedade um plantio florestal, ambos oriundos do estado do Paraná. Para as respectivas áreas de estudo foram delimitadas as copas das árvores com suporte de ortofotos digitais. As funções avaliadas foram: Normal, Log-normal 2P, Beta, Gama, Weibull 3P e Weber. A função que melhor se ajustou à variável dq para ambas as espécies foi a Normal. Já para a variável dcopa, a função de Weibull 3P foi a que apresentou melhor aderência para o fragmento de araucária e a função de Weber para o plantio florestal de pinus. <br/><br/>Palavras-chave: Ortofotos; Mensuração Florestal; Estrutura florestal
520 ## - NOTA DE RESUMO
Nota de conteúdo <br/><br/>Abstract<br/><br/>The probability density functions have several forest applications, among which biometric data processing and modeling use. The objective of this study was to verify which probability density function best fits the cup diameter (dcopa) and the quadratic diameter (dq), and also to analyze the effect of these variables on the forest structure. The study was carried out with a database of Araucaria angustifolia from a forest fragment, and also with Pinus taeda data from a forest plantation, both from the state of Paraná. For the respective study areas, the crowns of the trees with digital orthophoto support were delimited. The evaluated functions were: Normal, Log-normal 2P, Beta, Gama, Weibull 3P and Weber. The function that best fit the variable dq for both species was Normal. For the variable dcopa, the function of Weibull 3P was the one that presented better adhesion to the Araucaria fragment and the Weber function for the Pinus forest plantation.<br/><br/>Keywords: Orthophotos; Forest measurement; Pinus; Forest structure
650 ## - ASSUNTO - THESAGRO
Cabeçalho tópico ou nome geográfico FLORESTA
650 ## - ASSUNTO - THESAGRO
Cabeçalho tópico ou nome geográfico ESTRUTURA VEGETAL
650 ## - ASSUNTO - THESAGRO
Cabeçalho tópico ou nome geográfico FOTOGRAFIA
650 ## - ASSUNTO - THESAGRO
Cabeçalho tópico ou nome geográfico DIÂMETRO
773 0# - ENTRADA ANALÍTICA
Host Biblionumber 4065
Registro do item 313811
Imprenta Santa Maria-RS Universidade Federal de Santa Maria - Centro de Pesquisas Florestais.Departamento de Ciências Florestais. Programa de Pós-Graduação em Engenharia Florestal 1991
Outro identificador 2024-0078
Título Ciência Florestal (Brazil)
ISSN 0103-9954; 1980-5098 (on-line)
Colação v. 29(1) p. 270-280; (Jan-Mar 2019)
Número de controle de registro BR2023001599
856 ## - ACESSO E ENDEREÇO ELETRÔNICO
Identificador uniforme de recurso - URI https://www.scielo.br/j/cflo/a/mHKKGtpMb4RsHgX5Y65X7Hq/?format=pdf&lang=pt

Nenhum exemplar disponível.

BINAGRI

Telefone: (61)3218-2567/2388/3357/2097 - binagri@agro.gov.br

Ministério da Agricultura e Pecuária , Esplanada dos Ministérios, Bloco D, Anexo B, Brasília/DF, CEP: 70.043-900